000 00832nam a2200217Ii 4500
003 JO-AjNU
008 230605s9999||||xx |||||||||||||| ||und||
040 _aJO-AjNU
_bara
_erda
_cJO-AjNU
041 _aara
050 1 4 _aHV1626 .A9982 2000
100 3 _aتأليف: العزة، سعيد حسني ,
_eauthor
_926286
245 0 0 _aالاعاقة البصرية
250 _aط1
264 3 1 _aعمان: الدار العلمية الدولية للنشر والتوزيع، دار الثقافة للنشر والتوزيع، 2000
300 _a189ص
_bيحتوي على ببلوغرافية من 180-189ص
336 _atext
_btxt
_2rdacontent
337 _aunmediated
_bn
_2rdamedia
338 _avolume
_bnc
_2rdacarrier
490 0 _aسلسلة التربية الخاصة
650 4 _aالاعاقة البصرية
_926287
999 _aA9941
_c13509
_d13509